Statistics for 100 Biggest Cities in New Zealand with a Map

Click here to take the quiz!

General Stats

  • This quiz has been taken 5,282 times
  • The average score is 22 of 100

Answers on the Map

Answers color-coded by a green-red scale on the quiz's map according to % correct below.
Loading ...
 

Answer Stats

PopulationIncludesCity / Town% Correct
418,500Upper Hutt, Lower Hutt, PoriruaWellington
98%
1,638,800Hibiscus Coast, Waiheke Island,
Beachlands, Huapai
Auckland
97%
407,600Kaiapoi, Lyttelton, Prebbleton, WoodendChristchurch
89%
122,000MosgielDunedin
62%
203,100Hamilton
53%
67,500RichmondNelson
50%
19,540Lake HayesQueenstown
50%
59,500NgongotahaRotorua
50%
51,200Invercargill
47%
63,900Napier
45%
24,700Taupō
42%
89,500AshhurstPalmerston North
41%
141,600Papamoa, OmokoroaTauranga
41%
58,300New Plymouth
40%
37,200Gisborne
39%
58,800Whangarei
38%
70,600Havelock NorthHastings
37%
31,600RenwickBlenheim
33%
9,700Greymouth
32%
29,100Timaru
32%
8,890Wānaka
31%
40,900Wanganui
31%
4,350Picton
29%
22,200Masterton
27%
13,950Oamaru
27%
2,150Kaikōura
26%
19,750Ohope BeachWhakatāne
25%
20,200Ashburton
24%
9,910Gore
24%
3,960Westport
23%
7,350Thames
23%
5,860Kaitāia
23%
20,600Cambridge
23%
21,200Levin
23%
42,700Paraparaumu, WaikanaeKapiti Coast
23%
3,590Hokitika
22%
2,140Te Anau
20%
31,400Pukekohe
19%
7,520Kerikeri
19%
7,920Matamata
19%
3,310Raglan
18%
5,160Cromwell
18%
5,740Stratford
18%
5,510Alexandra
18%
5,080Whitianga
17%
8,150Huntly
17%
12,150Hāwera
17%
2,950Arrowtown
17%
5,180Dargaville
17%
8,450Motueka
16%
14,050Tokoroa
16%
18,300Rangiora
15%
5,150Waihi
15%
4,890Warkworth
15%
6,410Ōtaki
15%
3,320Tūrangi
14%
17,500KihikihiTe Awamutu
14%
4,720Foxton
14%
6,100Lincoln
14%
5,320Carterton
14%
5,360Dannevirke
14%
2,380Greytown
13%
4,410Paeroa
13%
16,250Rolleston
13%
3,960Whangamatā
13%
7,870Morrinsville
12%
2,500Geraldine
12%
2,480Featherston
12%
3,990Balclutha
12%
4,640Te Kuiti
12%
16,850Feilding
12%
4,320Ōpōtiki
12%
8,350Te Puke
12%
2,100Wellsford
11%
4,290Wairoa
11%
4,560Kaikohe
10%
4,950Marton
10%
2,370Winton
10%
7,040Waitara
10%
9,780Waiuku
10%
2,170Oxford
10%
2,230Darfield
10%
4,710Katikati
10%
3,630Inglewood
10%
3,150Helensville
9%
4,370Temuka
9%
6,580Ngāruawāhia
9%
4,350Te Aroha
9%
7,080Kawerau
9%
4,720Taumarunui
8%
2,750Ōtorohanga
8%
4,220Waipukurau
8%
2,890Waimate
8%
2,160Waipawa
7%
4,100Putāruru
7%
2,220Waihi Beach
7%
2,270Mapua
7%
5,040Snells Beach
7%
2,360Wakefield
6%
2,570Pahiatua
6%

Score Distribution

Percentile by Number Answered

Percent of People with Each Score

Your Score History

You have not taken this quiz